Welcome to the Holygrace Academy Library

Please use search bar below to get started

SCHOOL KALOLTSAVAM ARIYENDATHELLAM (Record no. 1038)

MARC details
000 -LEADER
fixed length control field 00317nam a22001337a 4500
020 ## - INTERNATIONAL STANDARD BOOK NUMBER
ISBN 978-81-264-4948-4
082 ## - DEWEY DECIMAL CLASSIFICATION NUMBER
Classification number 894.812
Item number PIL/S
100 ## - MAIN ENTRY--AUTHOR NAME
Personal name SANJEEV.S.PILLA
245 ## - TITLE STATEMENT
Title SCHOOL KALOLTSAVAM ARIYENDATHELLAM
260 ## - PUBLICATION, DISTRIBUTION, ETC. (IMPRINT)
Place of publication KERALA
Name of publisher DC BOOKS
Year of publication 2014
300 ## - PHYSICAL DESCRIPTION
Number of Pages 110
650 ## - SUBJECT ADDED ENTRY--TOPICAL TERM
Topical Term ENTERTAINMENT
Geographic subdivision KERALA
942 ## - ADDED ENTRY ELEMENTS (KOHA)
Koha item type Books
Holdings
Withdrawn status Lost status Collection code Home library Current library Shelving location Date acquired Source of acquisition Cost, normal purchase price Full call number Accession Number Koha item type
    Reference Main Library Main Library   05/10/2015 purchase 75.00 894.812 PIL/S 03719 Books